banner koha

Adsorption isotherms of diuron and hexazinone in drinking water using four agro-industrial residues (Registro n. 9598)

MARC details
000 -LÍDER
fixed length control field 04605nab a2200313 i 4500
003 - CÓDIGO MARC DA AGÊNCIA CATALOGADORA
Campo de controle BR-BrBNA
005 - DATA E HORA DA ÚLTIMA ATUALIZAÇÃO
Campo de controle 20230920130256.0
008 - CAMPO DE TAMANHO FIXO
fixed length control field 230711b2020 bl.ar|pooa||| 00| 0 eng |
040 ## - FONTE DA CATALOGAÇÃO
Agência catalogadora BR-BrBNA
Idioma da catalogação eng
072 ## - CATEGORIA AGRIS
Código AGRIS T01
072 ## - CATEGORIA AGRIS
Código AGRIS H60
072 ## - CATEGORIA AGRIS
Código AGRIS P10
100 ## - ENTRADA PRINCIPAL - NOME PESSOAL
Nome pessoal Takeshita, V.
100 ## - ENTRADA PRINCIPAL - NOME PESSOAL
Nome pessoal Mendes, K.F.
100 ## - ENTRADA PRINCIPAL - NOME PESSOAL
Nome pessoal Pimpinato, R.F.
100 ## - ENTRADA PRINCIPAL - NOME PESSOAL
Nome pessoal Tornisielo, V.L.
245 ## - TÍTULO PRINCIPAL
Título principal Adsorption isotherms of diuron and hexazinone in drinking water using four agro-industrial residues
500 ## - NOTA GERAL
Nota geral Publicação on-line; 36 ref.; 6 tables; 1 illus.; Summaries (En, Pt)
942 ## - ADDED ENTRY ELEMENTS (KOHA)
Koha item type
520 ## - NOTA DE RESUMO
Nota de conteúdo <br/><br/>ABSTRACT - Materials with high organic carbon content are studied for the removal<br/>of herbicides from water, such as activated carbon. Low cost alternatives should be<br/>investigated for the substitution of this type of material in the removal of herbicides<br/>from water. In this context, the aim of this research was to evaluate four agro-industrial<br/>residues (white grape bagasse, corn straw, peanut shell and soybean hull) as<br/>adsorbents of diuron and hexazinone in drinking water. Samples of drinking water<br/>were collected from sources used for human consumption. Five concentrations (1, 2,<br/>3, 4 and 5 mg mL-1) of each herbicide were added to the potable water samples. Each<br/>experimental unit consisted of 10 mL of a solution of water and herbicide with 0.1 g of<br/>each agro-industrial residue. Sorption was evaluated using the batch equilibrium<br/>method. High performance liquid chromatography (HPLC) was used to determine<br/>the amount of herbicide present in the aqueous solution. The Kf<br/>(Freundlich coefficient) of diuron was higher (2.99-11.93 mmol(1-1/n) L1/n kg-1) than hexazinone<br/>(2.31-4.61 mmol(1-1/n) L1/n kg-1) for all adsorbents used. Diuron percentage sorption<br/>was higher with white grape bagasse (51.15%) and peanut husk (52.44%), and<br/>hexazinone with corn straw (22.77%) and white grape marc (21.48%), than other<br/>agro-industrial waste for both herbicides. Even though the sorption of diuron was<br/>more pronounced than that of hexazinone, the sorption values obtained in this study<br/>were less than 52.44% and considered unsatisfactory in terms of effective removal<br/>from contaminated water.<br/><br/>Keywords: herbicide retention, adsorbents, water remediation, environmental risk.<br/>
520 ## - NOTA DE RESUMO
Nota de conteúdo <br/><br/>RESUMO - O uso de materiais com alto teor de carbono orgânico vem sendo<br/>estudado para a remoção de herbicidas em água, como o carvão ativado. Poucas<br/>alternativas de baixo custo são investigadas para a substituição desse tipo de<br/>material na remoção de herbicidas em água. Nesse contexto, o objetivo desta<br/>pesquisa foi avaliar resíduos agroindustriais (bagaço de uva branca, palhada de<br/>milho, casca de amendoim e casca de soja) como adsorventes do diuron e hexazinone<br/>em água potável. Amostras de água potável foram coletadas de fonte para o consumo<br/>humano. Foram adicionadas cinco concentrações (1, 2, 3, 4 e 5 mg mL-1) de cada<br/>herbicida em amostras de água potável. Os tratamentos consistiram em 10 mL da<br/>solução de água e herbicidas com 0,1 g de cada resíduo agroindustrial. A sorção<br/>foi avaliada utilizando o método do equilíbrio em batelada. A cromatografia<br/>líquida de alta eficiência (HPLC) foi utilizada para determinar a quantidade<br/>restante de herbicida em solução. O Kf (coeficiente de Freundlich) para o diuron<br/>foi mais pronunciado (9,94-11,93 mmol(1-1/n) L1/n kg-1) do que para o hexazinone<br/>(2,31-4,61 mmol(1-1/n) L1/n kg-1) em todos os adsorventes. A sorção percentual de<br/>diuron foi maior com bagaço de uva branca (51,15%) e casca de amendoim (52,44%), e a do hexazinone,<br/>com palha de milho (22,77%) e bagaço de uva branca (21,48%), em comparação com outros resíduos<br/>agroindustriais dos dois herbicidas. Embora a sorção de diuron tenha sido mais pronunciada que a de<br/>hexazinone, os valores de sorção obtidos neste estudo foram inferiores a 52,44% e considerados<br/>insatisfatórios em termos de remoção eficaz da água contaminada.<br/><br/>Palavras-chave: retenção de herbicidas, adsorventes, remediação da água, risco ambiental.
650 ## - ASSUNTO - THESAGRO
Cabeçalho tópico ou nome geográfico HERBICIDA
650 ## - ASSUNTO - THESAGRO
Cabeçalho tópico ou nome geográfico ADSORÇÃO
650 ## - ASSUNTO - THESAGRO
Cabeçalho tópico ou nome geográfico POLUIÇÃO DA ÁGUA
650 ## - ASSUNTO - THESAGRO
Cabeçalho tópico ou nome geográfico POLUIÇÃO AMBIENTAL
773 0# - ENTRADA ANALÍTICA
Host Biblionumber 886
Registro do item 1817
Imprenta Londrina-PR : Sociedade Brasileira da Ciência das Plantas Daninhas, 1978
Outro identificador 2023-031024
Título Planta Daninha (Brazil)
ISSN 0100-8358; 1806-9681 (on-line)
Colação v. 38 p. 1-10; (2020)
Número de controle de registro BR2023000788
856 ## - ACESSO E ENDEREÇO ELETRÔNICO
Identificador uniforme de recurso - URI https://www.scielo.br/j/pd/a/VgMc3ryshh6Jsw6MMpCkkbJ/?format=pdf&lang=en

Nenhum exemplar disponível.

BINAGRI

Telefone: (61)3218-2567/2388/3357/2097 - binagri@agro.gov.br

Ministério da Agricultura e Pecuária , Esplanada dos Ministérios, Bloco D, Anexo B, Brasília/DF, CEP: 70.043-900